Call of Duty WW2 Weapons - Statistics

General Stats
  • This quiz has been taken 408 times
    324 since last reset
  • The average score is 18 of 71
Answer Stats
Hint (In Order of Unlock) Answer % Correct
Assault Rifle M1 Garand
70%
Handgun M1911
69%
Assault Rifle STG-44
67%
Classified Sub-Machine Gun MP-40
66%
Sub-Machine Gun M1928 Thompson
55%
Classified Sniper Rifle Kar98k
54%
Assault Rifle M1918 BAR
54%
Classified Light-Machine Gun MG-42
53%
Sub-Machine Gun M3 Grease Gun
52%
Handgun Luger P08
51%
Sub-Machine Gun PPSh-41
44%
Sniper Rifle Lee-Enfield
43%
DLC Submachine Gun STEN
43%
Assault Rifle M1A1 Carbine
41%
Light-Machine Gun Bren
40%
Sniper Rifle M1903 Sprinfield
39%
Launcher M1 Bazooka
39%
Shotgun Combat Shotgun
36%
Launcher Panzerschreck
34%
Lethal Throwing Knife
34%
Sub-Machine Gun Type 100
33%
Assault Rifle FG-42
30%
Melee Weapon US Shovel
30%
Classified Assault Rifle SVT-40
28%
DLC Classified Handgun 9mm SAP
27%
Sniper Rifle Karabin
27%
Assault Rifle Johnson M1941
26%
Handgun M712 Machine Pistol
26%
Light-Machine Gun MG 15
24%
DLC Assault Rifle Gewehr 43
23%
Shotgun M30 Luftwaffe Drilling
22%
Sub-Machine Gun Waffe 28
21%
Lethal Fragmentation Grenade
20%
Equipment Smoke
20%
DLC Light Machine Gun Stinger
20%
Classified Shotgun Model 21 Sawed off Shotgun
19%
Light-Machine Gun Lewis Gun
17%
DLC Shotgun Blunderbuss
15%
DLC Melee Weapon Claymore
15%
DLC Melee Weapon Ice Pick
15%
Lethal S-Mine 35
15%
Shotgun Toggle Action
15%
DLC Melee Weapon Baseball Bat
14%
DLC Submachine Gun Sterling
14%
DLC Melee Weapon Trench Knife
14%
DLC Melee Weapon Combat Knife
13%
Equipment Gas
13%
DLC Assault Rifle Volkssturmgewehr 1-5
13%
DLC Sniper Rifle Arisaka Type 38
12%
Equipment Flashbang
12%
DLC Assault Rifle M2 Carbine
12%
DLC Submachine Gun M-38
12%
DLC Assault Rifle ITRA Burst
11%
DLC Light Machine Gun MG 81
11%
DLC Submachine Gun Orso
11%
DLC Sniper Rifle PTRS-41
10%
DLC Handgun Reichsrevolver
10%
Lethal Sticky Grenade
10%
DLC Assault Rifle Type 5
10%
DLC Sniper Rifle Lever Action
9%
Equipment Signal Flare
9%
DLC Handgun Enfield No.2
8%
DLC Melee Weapon Fire Axe
8%
DLC Light Machine Gun GPMG
8%
DLC Assault Rifle AVS-36
7%
DLC Sniper Rifle De Lisle
7%
DLC Submachine Gun Ribeyrolles
7%
Automaton
6%
DLC Classified Submachine Gun ZK-383
6%
DLC Submachine Gun Nambu Type II
5%
Lethal Satchel Charge
4%
No matching quizzes found
Score Distribution
Percent of People with Each Score
Percentile by Number Answered
Your Score History
You have not taken this quiz since the last reset